000 00192 a2200109 4500
020 _a9781740599863
041 _aspa
100 _aKim Grant
245 _aFlorida
942 _cBK
952 _71
999 _c22207
_d22207